1904 1938 1255 1754 1912 1688 1378 1152 1686 1671 1446 1057 1409 1999 1331 1604 1339 1573 1873 1044 1611 1161 1562 1255 1571 1729 1632 1309 1874 1535 1261 1440 1679 1194 1340 1336 1973 1940 1811 1783 1120 1399 1297 1793 1015 1376 1466 1878 1830 1697 1311 1121 1530 1818 1256 1724 1112 1128 1832 1580 1249 1123 1774 1861 1072 1774 1590 1668 1956 1462 1086 1588 1308 1608 1638 1987 1144 1602 1110 1521 1019 1568 1189 1730 1722 1356 1376 1006 1660 1824 1803 1184 1920 1865 1248 1214 1681 1877 1018 BCNSPRNW ULIB Ver.6.0+V

เปลี่ยนเป็นภาษาไทย

Change to English
 แสดงรายละเอียดบรรณานุกรม
  กลับหน้าหลัก

Brief Record : Get Marc (ISO 2709) : E-mail record : QR code < ปิดหน้าต่าง
LEADER : 00000nam 2200000uu 4500
001    13399124889
003     ULIB
008    160425s2553||||th 000 0 tha d
020    ^a9789744820839
060 04 ^aWM420^bส271ต
100 0  ^aสมภพ เรืองตระกูล
245 10 ^aตำราโรคต่อมไร้ท่อและอาการทางจิตเวช /^cสมภพ เรืองตระกูล
250    ^aพิมพ์ครั้งที่ 1
260    ^aกรุงเทพฯ :^bคณะแพทยศาสตร์ศิริราชพยาบาล มหาวิทยาลัยมหิดล,^c2553
300    ^a315 หน้า ;^c21 ซม.
440  0 ^aตำราจิตเวชสำหรับแพทย์เวชศาสตร์ครอบครัว ;^vชุดที่ 17
650  7 ^aจิตบำบัด
650  7 ^aจิตเวชศาสตร์
650  7 ^aต่อมไร้ท่อ, โรค
710 2  ^aมหาวิทยาลัยมหิดล. ^bคณะแพทยศาสตร์ศิริราชพยาบาล
945    ^p420^l0^i23486
945    ^p420^l0^i23487
999    ^aทศพร เกษรทอง
รายการนี้ยังไม่มีแท็ก
คุณยังไม่ได้ล็อกอิน คุณสามารถมีกิจกรรมร่วมกับเว็บไซต์ได้ แต่ต้องล็อกอินก่อน ::
  ล็อกอิน

รายการสื่อสารสนเทศ

ลำดับที่ ประเภท เลขเรียก/บาร์โค้ด สถานที่ สถานะ
1. วิทยาศาสตร์การแพทย์ และสุขภาพ
วิทยาศาสตร์การแพทย์ และสุขภาพ
สถานะ=หนังสือเก่า
WM420 ส271ต ฉ.1 
  Barcode: 23486
ห้องสมุดวิทยาเขตนครสวรรค์
►ส่วนจัดเก็บหนังสือเก่า นว.
บนชั้น
  ขอยืม
2. วิทยาศาสตร์การแพทย์ และสุขภาพ
วิทยาศาสตร์การแพทย์ และสุขภาพ
สถานะ=หนังสือเก่า
WM420 ส271ต ฉ.2 
  Barcode: 23487
ห้องสมุดวิทยาเขตนครสวรรค์
►ส่วนจัดเก็บหนังสือเก่า นว.
บนชั้น
  ขอยืม

รายการใกล้เคียง
    ผู้แต่ง [สมภพ เรืองตระกูล]

    หัวเรื่อง [จิตบำบัด]
    หัวเรื่อง [จิตเวชศาสตร์]
    หัวเรื่อง [ต่อมไร้ท่อ, โรค]

BibComment


ยังไม่เคยถูกคอมเมนท์

คอมเมนท์ทรัพยากรรายการนี้
  คอมเมนท์: ตำราโรคต่อมไร้ท่..


 Copyright 2026. Bcnsprnw @Library